Estadísticas para Tenistas mujeres que han sido numero 1 del mundo en la era open

Haz click aquí para intentar la prueba.

Estadísticas generales

  • Esta prueba ha sido intentada 35 veces
  • La puntuación promedio es 13 de 29

Estadísticas de respuestas

HintRespuestaSemanas% Correcto
Estados UnidosSerena Williams319
93%
Estados UnidosVenus Williams11
93%
AlemaniaSteffi Graf377
83%
RusiaMaria Sharapova21
79%
EspañaArantxa Sanchez Vicario12
72%
República Checa / Estados UnidosMartina Navratilova332
69%
EspañaGarbiñe Muguruza4
62%
Yugoslavia / Estados UnidosMonica Seles178
62%
Bielorrusia (Actual)Aryna Sabalenka2
55%
PoloniaIga Swiatek75
55%
SuizaMartina Hingis209
55%
JapónNaomi Osaka25
45%
DinamarcaCaroline Wozniacki71
41%
BélgicaJustine Henin117
41%
RumaniaSimona Halep64
41%
AustraliaAshleigh Barty171
38%
Estados UnidosChris Evert260
38%
BielorrusiaVictoria Azarenka51
38%
FranciaAmelie Mauresmo39
31%
SerbiaAna Ivanovic12
31%
Estados UnidosJennifer Capriati17
31%
Estados UnidosLindsay Davenport98
31%
AlemaniaAngelique Kerber34
28%
RusiaDinara Safina26
28%
SerbiaJelena Jankovic18
28%
BélgicaKim Clijsters20
28%
República ChecaKarolina Plískova8
24%
Estados UnidosTracy Austin21
17%
AustraliaEvonne Goolagong Cawley2
10%

Distribución de puntuación

Porcentaje por número respondido

Porcentaje de gente con cada puntuación

Historial de tus puntuaciones

No has intentado esta prueba.